Statistics for Movies that Start with Y

Click here to take the quiz!

General Stats

  • This quiz has been taken 3,497 times
  • The average score is 4 of 8

Answer Stats

DescriptionActorMovie% Correct
The Beatles take a magical voyage under the seaRingo StarrYellow Submarine
92%
Hilarity ensues as a man loses the ability to say noJim CarreyYes Man
84%
Rival book store owners begin a virtual romance using AOLMeg RyanYou've Got Mail
69%
Young man goes to his ancestral estate to resume his grandfather
Victor's experiments re-animating corpses
Gene WilderYoung Frankenstein
61%
Woman living in a Polish shetl cuts her hair short and
enters Rabinnical school
Barbra StreisandYentl
46%
Sexy secret agent fakes his own death before invading a SPECTRE
base that is hidden inside a volcano
Sean ConneryYou Only Live Twice
46%
This movie about rival dance crews has nothing to do with handing
out subpoenas, despite what its title suggests
Marques HoustonYou Got Served
29%
In Mexico, a beautiful woman goes on road trip to a beach with
two horny teenage boys
Gael García BernalY Tu Mamá También
18%

Score Distribution

Percentile by Number Answered

Percent of People with Each Score

Your Score History

You have not taken this quiz